000 00487nam a22001937a 4500
005 20260123133614.0
008 260123b |||||||| |||| 00| 0 eng d
020 _a9789819992614
040 _aMAIN
041 _aEnglish
082 _a616.079
_bPAR
100 _aParija, Subhash Chandra
_926036
245 _aTextbook of Microbiology and Immunology
250 _a4th
260 _aSingapore
_bSpringer
_c2024
300 _a1111
650 _aEnvironmental Science
942 _cBK
999 _c60081
_d60081